Pediatric Cochlear Implantation : Learning and the Brain (Record no. 246794)

MARC details
000 -LEADER
fixed length control field 00522nam a2200193Ia 4500
008 - FIXED-LENGTH DATA ELEMENTS--GENERAL INFORMATION
fixed length control field 240913s9999||||xx |||||||||||||| ||und||
082 ## - DEWEY DECIMAL CLASSIFICATION NUMBER
-- 618.92097882 Q6
100 ## - MAIN ENTRY--PERSONAL NAME
Personal name Young,Nancy M
245 #0 - TITLE STATEMENT
Title Pediatric Cochlear Implantation : Learning and the Brain
250 ## - EDITION STATEMENT
Edition statement 1st
260 ## - PUBLICATION, DISTRIBUTION, ETC. (IMPRINT)
Date of publication, distribution, etc 2016
Name of publisher, distributor, etc Spr
500 ## - GENERAL NOTE
General note REFERENCE
650 ## - SUBJECT ADDED ENTRY--TOPICAL TERM
Topical term or geographic name as entry element Audiology Speech and Language Pathology
700 ## - ADDED ENTRY--PERSONAL NAME
Personal name Iler Krik,Karen
942 ## - ADDED ENTRY ELEMENTS (KOHA)
Item type Reference
Holdings
Withdrawn status Lost status Damaged status Permanent location Current location Shelving location Date acquired Source of acquisition Cost, normal purchase price Full call number Barcode Date last seen Koha item type
      CENTRAL LIBRARY, NOORUL ISLAM CENTRE FOR HIGHER EDUCATION CENTRAL LIBRARY, NOORUL ISLAM CENTRE FOR HIGHER EDUCATION   04/05/2019 CBS Publishers & Distributors Pvt.Ltd,Ernakulam 10984.16 618.92097882 Q6 79228 09/13/2024 Reference
Visitors:
Copyright © 2024 Central Library NICHE.  All rights reserved.